000 01268nam a2200289 c 4500
999 _c61591
_d61591
003 BLK
005 20221025120559.0
008 180408b bul|||||r ||||||| ||bul||
010 _aKNG00065793000
040 _aBLK
041 _aBUL
_cBUL
080 _aМатематичен анализ. Теория на реалните числа, аксиоматически формули, неравенства, основни свойства на функциите, непрекъснатост, монотонност, изучаване на отд. функции. Вж и 510.2/.6
_b517
_z517
100 1 _aФеньо, Ищван
_eпърви автор
_9133682
139 _aФеньо, Ищван и др.
_bФ 38
245 1 0 _aСъвременни математически методи в техниката
_bТ. 1 -
_cИщван Феньо; съавт. Тамаш Фрей.
_nТ. 1
257 _aBGR
260 _aСофия
_bТехника
_c1977 -
300 _c25 см
380 _a5
650 0 _9276068
_aМатематически методи
653 7 _9198273
_aтехника
653 7 _9190636
_aматематически методи
700 1 _aФрей, Тамаш
_eсъавт.
_9290463
760 1 _aФеньо, Ищван
_d1977
_h403 с., 25 см
_tТ. 1
852 _aЦб 84090
856 4 _qpdf
_i0.00
_ldisable
856 4 _qpdf
_i0.00
_ldisable
942 _cKNG
_n0
_s1
944 _aCR
_c13.06.2004
_kКети_Илиева
944 _aED
_c12.10.2015
944 _aED
_c2022-10-25
_kХристина Везирева
999 _d61591